Declaraciones y pagos DyP : Gua̕ prc̀tica 2012

Detalles Bibliográficos
Formato: eBook
Lenguaje:español
Publicado: Mx̌ico D.F. : Instituto Mexicano de Contadores Pb︢licos, 2011
Materias:
Acceso en línea:http://www.vlex.com/source/7079

MARC

LEADER 00000nam a22000007a 4500
005 20130225170037.0
007 cr|||| ||||
008 130225e2011 mx |||||s|||| 00||0 spa d
020 |a 978-607-7621-05-8 
035 |a 7079 
040 |a vLex 
090 |c 3753  |d 3753 
245 0 0 |a Declaraciones y pagos  |b DyP : Gua̕ prc̀tica 2012  |h [Recurso electrn̤ico] 
256 |a Servicio en ln̕ea 
260 |a Mx̌ico D.F. :  |b Instituto Mexicano de Contadores Pb︢licos,   |c 2011  
300 |a 1 Recurso electrn̤ico 
650 0 4 |a Empresa  |z Mx̌ico 
650 0 4 |a Derecho tributario  |z Mx̌ico 
650 0 4 |a Administracin̤ (Management) 
740 |a vLex Libros (Servicio en ln̕ea) 
856 |a Acceso restringido  |u http://www.vlex.com/source/7079 
942 |c BOOK 
999 0 |a Taxation